Plant monitoring system for Cavite State University - CCAT Campus / (Record no. 4438)
[ view plain ]
| 000 -LEADER | |
|---|---|
| fixed length control field | 01510nam a22003377a 4500 |
| 003 - CONTROL NUMBER IDENTIFIER | |
| control field | OSt |
| 005 - DATE AND TIME OF LATEST TRANSACTION | |
| control field | 20260107034855.0 |
| 008 - FIXED-LENGTH DATA ELEMENTS--GENERAL INFORMATION | |
| fixed length control field | 260107b ||||| |||| 00| 0 eng d |
| 040 ## - CATALOGING SOURCE | |
| Language of cataloging | English. |
| Transcribing agency | CvSU-CCAT Campus Library. |
| Description conventions | rda. |
| 050 ## - LIBRARY OF CONGRESS CALL NUMBER | |
| Classification number | UM S 671 |
| Item number | P53 2022 |
| 245 ## - TITLE STATEMENT | |
| Title | Plant monitoring system for Cavite State University - CCAT Campus / |
| Statement of responsibility, etc. | John August S. Bigalbal [and and four others]. |
| 260 ## - PUBLICATION, DISTRIBUTION, ETC. | |
| Place of publication, distribution, etc. | Rosario, Cavite : |
| Name of publisher, distributor, etc. | Cavite State University-CCAT Campus, |
| Date of publication, distribution, etc. | 2022. |
| 300 ## - PHYSICAL DESCRIPTION | |
| Extent | xvii, 113 leaves : |
| Other physical details | illustrations ; |
| Dimensions | 28 cm |
| 500 ## - GENERAL NOTE | |
| General note | Project Design (BSCpE) -- Cavite State University-CCAT Campus, 2022. |
| 504 ## - BIBLIOGRAPHY, ETC. NOTE | |
| Bibliography, etc. note | Includes bibliographical references and appendices. |
| 546 ## - LANGUAGE NOTE | |
| Language note | In English text |
| 650 ## - SUBJECT ADDED ENTRY--TOPICAL TERM | |
| Topical term or geographic name entry element | Plant monitoring -- Technological innovations -- Philippines. |
| 9 (RLIN) | 17416 |
| 650 ## - SUBJECT ADDED ENTRY--TOPICAL TERM | |
| Topical term or geographic name entry element | Arduino (Programmable controller). |
| 9 (RLIN) | 2867 |
| 650 ## - SUBJECT ADDED ENTRY--TOPICAL TERM | |
| Topical term or geographic name entry element | Mobile applications -- Agricultural use. |
| 9 (RLIN) | 17417 |
| 650 ## - SUBJECT ADDED ENTRY--TOPICAL TERM | |
| Topical term or geographic name entry element | Irrigation -- Automatic control. |
| 9 (RLIN) | 17418 |
| 650 ## - SUBJECT ADDED ENTRY--TOPICAL TERM | |
| Topical term or geographic name entry element | Environmental control systems -- Automation. |
| 9 (RLIN) | 17419 |
| 650 ## - SUBJECT ADDED ENTRY--TOPICAL TERM | |
| Topical term or geographic name entry element | System analysis. |
| 9 (RLIN) | 2490 |
| 700 ## - ADDED ENTRY--PERSONAL NAME | |
| Personal name | Gutierrez, Hannah Rei M., author. |
| 9 (RLIN) | 17420 |
| 700 ## - ADDED ENTRY--PERSONAL NAME | |
| Personal name | Mingoy, Crisanto L., author. |
| 9 (RLIN) | 17421 |
| 700 ## - ADDED ENTRY--PERSONAL NAME | |
| Personal name | Pureza, Revi G., author. |
| 9 (RLIN) | 17422 |
| 700 ## - ADDED ENTRY--PERSONAL NAME | |
| Personal name | Tatlonghari, Christian Jay N., author. |
| 9 (RLIN) | 17423 |
| 700 ## - ADDED ENTRY--PERSONAL NAME | |
| Personal name | Enrico, Kenneth J., adviser. |
| 9 (RLIN) | 5547 |
| 700 ## - ADDED ENTRY--PERSONAL NAME | |
| Personal name | Ramos, Michael Jr. M., technical critic. |
| 9 (RLIN) | 9041 |
| 942 ## - ADDED ENTRY ELEMENTS (KOHA) | |
| Source of classification or shelving scheme | Library of Congress Classification |
| Koha item type | Thesis/Manuscripts/Dissertations |
| Classification part | S 671 P53 2022 |
| Call number prefix | UM |
| Withdrawn status | Lost status | Source of classification or shelving scheme | Damaged status | Not for loan | Collection code | Home library | Current library | Shelving location | Date acquired | Coded location qualifier | Total Checkouts | Full call number | Barcode | Date last seen | Copy number | Price effective from | Koha item type |
|---|---|---|---|---|---|---|---|---|---|---|---|---|---|---|---|---|---|
| Library of Congress Classification | Thesis/Manuscript/Dissertation | Cavite State University - CCAT Campus | Cavite State University - CCAT Campus | TH | 09/24/2025 | UM | UMS 671 P53 2022 | T0005435 | 01/07/2026 | 1 | 01/07/2026 | Thesis/Manuscripts/Dissertations |
